000
00319nam a2200133Ia 4500
008
240624s9999 xx 000 0 und d
041
_a
eng
082
_a
050 SCH
100
_a
SCHOLASTIC
245
_a
SCHOLASTIC YEAR BOOK 2015
260
_c
2015
_a
New Delhi
_b
Scholastic
300
_a
335 : p. : cm ; 20
365
_c
RS
999
_c
24032
_d
24032